000 00337nam a22001457a 4500
008 250709b ||||| |||| 00| 0 eng d
020 _a9781936314386
041 _aSHQIP
080 _22013
_a001
082 _a001
100 _a1
101 _aGJUHE DHE LETERSI
245 _aBIJA E MONTEZUMOS
_cHENRI RIDER HAGGARD
942 _2udc
_cBK
999 _c60728
_d60728